000 00307nam a2200145Ia 4500
100 _aStreetman/Ban
250 _a4
942 _cBK
654 _asolid
245 _aSolid state electronic devices
260 _bprentice
_aNew Delhi
_c1997
082 _a621.381
_bSTR
300 _a462
546 _aENGLISH
999 _c28367
_d28367